000 00338nam a2200157Ia 4500
001 11957
003 IN-NITTTR
005 20251114233112.0
008 251113s9999||||xx |||||||||||||| ||eng||
040 _beng
040 _cIN-NITTTR
041 _aeng
082 _a301.1 K96H
245 0 _aHistory of social thought /
942 _2ddc
_cBK
999 _c14593
_d14593